Normal view
MARC view
- Ashq, Parym Paal
Entry Personal Name
001 - CONTROL NUMBER
- control field: 15283
003 - CONTROL NUMBER IDENTIFIER
- control field: NUST
005 - DATE AND TIME OF LATEST TRANSACTION
- control field: 20190621063511.0
008 - FIXED-LENGTH DATA ELEMENTS
- fixed length control field: 190621|| aca||aabn | a|a d
040 ## - CATALOGING SOURCE
- Original cataloging agency: NUST
- Transcribing agency: NUST
100 ## - HEADING--PERSONAL NAME
- Personal name: Ashq, Parym Paal
670 ## - SOURCE DATA FOUND
- Source citation: Work cat.: (NUST): Ashq, Parym Paal, Hindustani Cenima ky Pachas Saal /, 2004.
